Statistics for National Rugby Union Team Logos.

Click here to take the quiz!

General Stats

  • This quiz has been taken 152 times
    (43 since last reset)
  • The average score is 17 of 24

Answer Stats

LogosNation% Correct
New Zealand
100%
Australia
98%
Ireland
98%
Italy
98%
England
95%
Canada
93%
France
93%
Japan
93%
South Africa
93%
United States
90%
Fiji
88%
Wales
88%
Argentina
85%
Scotland
83%
Georgia
68%
Tonga
63%
Samoa
55%
Portugal
45%
Namibia
43%
Romania
40%
Uruguay
40%
Chile
33%
Hong Kong
25%
Spain
25%

Score Distribution

Percentile by Number Answered

Percent of People with Each Score

Your Score History

You have not taken this quiz since the last reset